| 000 | 00785nam a22001697a 4500 | ||
|---|---|---|---|
| 003 | OSt | ||
| 005 | 20251023092251.0 | ||
| 008 | 251023b |||||||| |||| 00| 0 eng d | ||
| 040 | _cDCL | ||
| 082 | _a၂၉၄.၃၀၇ | ||
| 100 |
_aအာသဘ၊ ဘဒ္ဒန္တ၊ _cဒေါက်တာ- |
||
| 245 | 1 | 0 |
_aစာချသက်နှစ် (၃၀) ခရီး / _cဒေါက်တာဘဒ္ဒန္တအာသဘ။ |
| 264 |
_aရန်ကုန် ၊ _bစွယ်တော်စာပေ၊ _c၂၀၂၃။ |
||
| 300 |
_a၅၀၈ စာမျက်နှာ ၊ _c၂၁ စင်တီ။ |
||
| 650 |
_aဗုဒ္ဓဘာသာ _vလေ့လာခြင်းနှင့် သင်ကြားခြင်း။ |
||
| 942 |
_2ddc _cSHORT TERM _n0 |
||
| 999 |
_c2422 _d2422 |
||